<La> Economía Cubana 1979 1. Semestre

Enregistré dans:
Détails bibliographiques
Format: Livre
Langue:espagnol
Publié: Habana Comité estatal de estadísticas 1979
Tags: Ajouter un tag
Pas de tags, Soyez le premier à ajouter un tag!

MARC

LEADER 00000nam a2200000 4500
001 c142146
005 20041019155324.0
041 0 |a spa 
044 |a CU 
245 1 0 |a <La> Economía Cubana 1979  |b 1. Semestre 
264 1 |a Habana  |b Comité estatal de estadísticas  |c 1979 
300 |a 17 s.